Dans quel film du Seigneur des Anneaux ? Clic Quiz par Images - Statistiques

Statistiques générales
  • Ce quiz a été pris 840 fois
  • Le résultat moyen est 15 sur 18
Statistiques - réponses
Hint Réponse % Correct
Création de la Communauté de l'anneau
1
Le Seigneur des anneaux :
La Communauté de l'anneau
96%
Chute dans les flammes de la Montagne du Destin
3
Le Seigneur des anneaux :
Le Retour du roi
96%
Couronnement du roi Elessar
3
Le Seigneur des anneaux :
Le Retour du roi
94%
Fête d'anniversaire de Bilbon
1
Le Seigneur des anneaux :
La Communauté de l'anneau
93%
Bataille de la Porte Noire
3
Le Seigneur des anneaux :
Le Retour du roi
89%
Bataille du Gouffre de Elm
2
Le Seigneur des anneaux :
Les Deux Tours
87%
Le roi Théoden victime d'un sortilège
2
Le Seigneur des anneaux :
Les Deux Tours
85%
L'appel de l'Armée des Morts
3
Le Seigneur des anneaux :
Le Retour du roi
84%
Gandalf affronte le Balrog dans les Mines de la Moria
1
Le Seigneur des anneaux :
La Communauté de l'anneau
83%
Mort de Boromir
1
Le Seigneur des anneaux :
La Communauté de l'anneau
83%
Frodon et Sam apprivoisent Gollum
2
Le Seigneur des anneaux :
Les Deux Tours
82%
Voyage avec Sylvebarbe
2
Le Seigneur des anneaux :
Les Deux Tours
82%
Siège de Minas Tirith
3
Le Seigneur des anneaux :
Le Retour du roi
82%
Le repaire d'Arachne
3
Le Seigneur des anneaux :
Le Retour du roi
79%
Rencontre avec Galadriel en Lothlórien
1
Le Seigneur des anneaux :
La Communauté de l'anneau
77%
Destruction d'Isengard
2
Le Seigneur des anneaux :
Les Deux Tours
77%
La trahison de Saroumane
1
Le Seigneur des anneaux :
La Communauté de l'anneau
68%
Frodon et Sam rencontrent Faramir
2
Le Seigneur des anneaux :
Les Deux Tours
64%
Aucun quiz correspondant
Distribution des résultats
% des personnes avec chaque résultat
Percentile par nombre de réponses
Votre historique - résultats
Vous n’avez pas pris ce quiz